| 000 | 00505nam a22001937a 4500 | ||
|---|---|---|---|
| 003 | CEME | ||
| 005 | 20210628201635.0 | ||
| 008 | 210212b xxu||||| |||| 00| 0 eng d | ||
| 020 | _a0-8311-3055-5 | ||
| 040 | _c. | ||
| 082 | _a620.11 HIG | ||
| 100 |
_aHiggins, Raymond.A _940763 |
||
| 245 | _aThe properties of engineering materials | ||
| 250 | _a2ND | ||
| 260 |
_aNEW YORK _bINDUSTRIAL PRESS _c1994 |
||
| 300 | _aVIII,490P | ||
| 650 |
_aMATERIALS ENGINEERING - MATERIALS _956132 |
||
| 942 |
_cBK _2ddc |
||
| 999 |
_c566647 _d566647 |
||